000 00508nam a2200193 i 4500
001 29923
003 ES-MaACL
005 20231224062917.0
007 t|
008 030123s1911 sp |||| | spa d
100 1 _aBaroja, Pío,
_d1872-1956
_925752
245 1 3 _aEl árbol de la ciencia
_b: novela /
_cPío Baroja.
260 _aMadrid :
_bJuan Pueyo,
_c1911.
300 _a356 p. ;
_c19 cm.
490 1 _aLa raza
830 0 _aLa raza
_9181299
852 _aES-MaACL
_jB-5756
999 _c29923
_d29923